[Event "U20 Polish Youth Championship"]
[Site "Ustron"]
[Date "2019.11.24"]
[Round "2"]
[White "Adamczewski, Maciej"]
[Black "Stachecki, Mikolaj"]
[Result "1/2-1/2"]
[Board "18"]
[WhiteElo "2095"]
[WhiteCountry "POL"]
[WhiteFideId "1148702"]
[WhiteEloChange "-5"]
[BlackElo "1901"]
[BlackCountry "POL"]
[BlackFideId "21838810"]
[BlackEloChange "5"]

1. d4 {[%clk 1:28:21]} Nf6 {[%clk 1:30:53]} 2. c4 {[%clk 1:28:42]} g6 {[%clk
1:31:17]} 3. Nc3 {[%clk 1:28:45]} Bg7 {[%clk 1:31:39]} 4. Nf3 {[%clk 1:29:05]} d6
{[%clk 1:31:57]} 5. g3 {[%clk 1:29:19]} Nc6 {[%clk 1:32:17]} 6. Bg2 {[%clk
1:28:46]} O-O {[%clk 1:32:40]} 7. O-O {[%clk 1:29:02]} Bg4 {[%clk 1:33:02]} 8.
Ne1 {[%clk 1:27:34]} Bd7 {[%clk 1:19:59]} 9. Nc2 {[%clk 1:14:26]} e5 {[%clk
1:09:03]} 10. d5 {[%clk 1:14:07]} Na5 {[%clk 1:08:36]} 11. b3 {[%clk 0:58:22]} a6
{[%clk 1:03:13]} 12. Ba3 {[%clk 0:55:34]} b6 {[%clk 1:00:57]} 13. Rc1 {[%clk
0:49:08]} Rb8 {[%clk 0:50:52]} 14. Qd2 {[%clk 0:39:08]} Qc8 {[%clk 0:34:24]} 15.
Nb4 {[%clk 0:34:11]} h6 {[%clk 0:25:19]} 16. Rfd1 {[%clk 0:29:03]} Re8 {[%clk
0:20:57]} 17. Bb2 {[%clk 0:21:50]} Kh7 {[%clk 0:12:29]} 18. Nc6 {[%clk 0:15:59]}
Nxc6 {[%clk 0:12:49]} 19. dxc6 {[%clk 0:16:25]} Be6 {[%clk 0:13:04]} 20. a4
{[%clk 0:15:50]} Nh5 {[%clk 0:09:09]} 21. e4 {[%clk 0:12:18]} Bg4 {[%clk
0:05:47]} 22. Re1 {[%clk 0:11:57]} Nf6 {[%clk 0:05:02]} 23. Rb1 {[%clk 0:11:24]}
Bh3 {[%clk 0:04:52]} 24. Bh1 {[%clk 0:10:23]} h5 {[%clk 0:04:32]} 25. Bc1 {[%clk
0:09:57]} Qe6 {[%clk 0:02:46]} 26. Bf3 {[%clk 0:07:42]} Bg4 {[%clk 0:03:06]} 27.
Qe2 {[%clk 0:07:13]} Bxf3 {[%clk 0:02:32]} 28. Qxf3 {[%clk 0:07:36]} Bh6 {[%clk
0:01:56]} 29. Bxh6 {[%clk 0:04:24]} Kxh6 {[%clk 0:02:22]} 30. h4 {[%clk 0:04:41]}
Kg7 {[%clk 0:02:20]} 31. Kg2 {[%clk 0:04:44]} Rbc8 {[%clk 0:01:53]} 32. Qd3
{[%clk 0:04:23]} Qg4 {[%clk 0:01:09]} 33. b4 {[%clk 0:04:22]} Rb8 {[%clk
0:00:57]} 34. Rb2 {[%clk 0:04:16]} Ra8 {[%clk 0:01:04]} 35. a5 {[%clk 0:04:28]}
bxa5 {[%clk 0:01:26]} 36. bxa5 {[%clk 0:04:54]} Reb8 {[%clk 0:01:50]} 37. Reb1
{[%clk 0:05:14]} Qc8 {[%clk 0:02:09]} 38. Rb7 {[%clk 0:03:21]} Qd8 {[%clk
0:00:52]} 39. f3 {[%clk 0:01:26]} Rc8 {[%clk 0:00:44]} 40. R1b2 {[%clk 0:31:11]}
Qe8 {[%clk 0:31:00]} 41. Nd5 {[%clk 0:31:31]} Nxd5 {[%clk 0:26:53]} 42. Qxd5
{[%clk 0:27:36]} Qe7 {[%clk 0:19:40]} 43. Rc2 {[%clk 0:24:55]} Rd8 {[%clk
0:16:08]} 44. Qd2 {[%clk 0:21:59]} Rdc8 {[%clk 0:13:03]} 45. Qb4 {[%clk 0:21:01]}
Qe8 {[%clk 0:11:11]} 46. Qa4 {[%clk 0:21:10]} Qe7 {[%clk 0:09:12]} 47. Rd2 {[%clk
0:21:03]} Rd8 {[%clk 0:09:10]} 48. Qb3 {[%clk 0:20:02]} Kg8 {[%clk 0:08:21]} 49.
Rd5 {[%clk 0:20:13]} Kg7 {[%clk 0:06:46]} 50. Qb2 {[%clk 0:16:33]} f6 {[%clk
0:05:09]} 51. Qb3 {[%clk 0:15:11]} Kf8 {[%clk 0:04:10]} 52. Rd2 {[%clk 0:15:29]}
Rdc8 {[%clk 0:02:34]} 53. Rb2 {[%clk 0:12:12]} Qe8 {[%clk 0:02:31]} 54. Qa4
{[%clk 0:12:09]} Rab8 {[%clk 0:01:43]} 55. Qd1 {[%clk 0:09:35]} Rxb7 {[%clk
0:00:56]} 56. cxb7 {[%clk 0:09:59]} Rb8 {[%clk 0:01:21]} 57. Qd5 {[%clk 0:10:15]}
Qa4 {[%clk 0:00:57]} 58. Qe6 {[%clk 0:08:28]} Qe8 {[%clk 0:00:46]} 59. Qxf6+
{[%clk 0:08:49]} Qf7 {[%clk 0:01:07]} 60. Qh8+ {[%clk 0:09:03]} Qg8 {[%clk
0:01:31]} 61. Qh6+ {[%clk 0:09:06]} Ke7 {[%clk 0:00:45]} 62. Qe3 {[%clk 0:07:27]}
Qxc4 {[%clk 0:00:57]} 63. Kh2 {[%clk 0:01:22]} Qc5 {[%clk 0:00:44]} 64. Qd2
{[%clk 0:01:30]} Qc6 {[%clk 0:00:38]} 65. Qb4 {[%clk 0:01:52]} Qc5 {[%clk
0:00:45]} 66. Qd2 {[%clk 0:01:00]} Qc6 {[%clk 0:01:04]} 67. Qb4 {[%clk 0:00:48]}
Qc5 {[%clk 0:01:27]} 68. Qd2 {[%clk 0:01:17]} Qc6 {[%clk 0:01:53]} 69. Qd5 {[%clk
0:01:06]} Qc3 {[%clk 0:00:57]} 70. Rb3 {[%clk 0:00:45]} Qc2+ {[%clk 0:01:09]} 71.
Kh3 {[%clk 0:01:03]} c6 {[%clk 0:01:22]} 72. Qd3 {[%clk 0:00:55]} Qxd3 {[%clk
0:01:48]} 73. Rxd3 {[%clk 0:01:21]} Rxb7 {[%clk 0:02:15]} 74. g4 {[%clk 0:01:36]}
Rb5 {[%clk 0:02:07]} 75. Ra3 {[%clk 0:02:01]} d5 {[%clk 0:01:39]} 76. exd5 {[%clk
0:02:03]} cxd5 {[%clk 0:01:59]} 77. Kg3 {[%clk 0:02:16]} Kf6 {[%clk 0:01:58]} 78.
Rc3 {[%clk 0:01:37]} Rxa5 {[%clk 0:01:19]} 79. Rc6+ {[%clk 0:02:06]} Kf7 {[%clk
0:01:28]} 80. Rc7+ {[%clk 0:02:32]} Ke6 {[%clk 0:00:53]} 81. Rc6+ {[%clk
0:02:58]} Kf7 {[%clk 0:00:47]} 82. Rc7+ {[%clk 0:03:25]} Ke6 {[%clk 0:00:41]}
1/2-1/2

[Event "U20 Polish Youth Championship"]
[Site "Ustron"]
[Date "2019.11.24"]
[Round "2"]
[White "Dzwierzynski, Bartosz"]
[Black "Trybus, Daniel"]
[Result "1-0"]
[Board "19"]
[WhiteElo "2065"]
[WhiteCountry "POL"]
[WhiteFideId "21812837"]
[WhiteEloChange "5"]
[BlackElo "1862"]
[BlackCountry "POL"]
[BlackFideId "21816131"]
[BlackEloChange "-5"]

1. d4 {[%clk 1:30:58]} Nf6 {[%clk 1:29:14]} 2. c4 {[%clk 1:31:21]} g6 {[%clk
1:29:43]} 3. Nc3 {[%clk 1:31:42]} Bg7 {[%clk 1:30:10]} 4. e4 {[%clk 1:32:02]} d6
{[%clk 1:30:37]} 5. f3 {[%clk 1:32:09]} O-O {[%clk 1:31:02]} 6. Be3 {[%clk
1:32:35]} e5 {[%clk 1:31:24]} 7. d5 {[%clk 1:32:51]} c6 {[%clk 1:31:40]} 8. Qd2
{[%clk 1:33:08]} cxd5 {[%clk 1:31:59]} 9. cxd5 {[%clk 1:32:36]} a6 {[%clk
1:31:35]} 10. a4 {[%clk 1:30:28]} Nh5 {[%clk 1:29:54]} 11. g4 {[%clk 1:24:24]}
Nf4 {[%clk 1:30:17]} 12. Nge2 {[%clk 1:24:45]} f5 {[%clk 1:22:10]} 13. gxf5
{[%clk 1:24:42]} gxf5 {[%clk 1:22:36]} 14. Nxf4 {[%clk 1:24:28]} exf4 {[%clk
1:21:56]} 15. Bd4 {[%clk 1:24:29]} Qh4+ {[%clk 1:18:55]} 16. Bf2 {[%clk 1:20:35]}
Qh5 {[%clk 1:15:08]} 17. Be2 {[%clk 1:20:57]} Nd7 {[%clk 1:09:50]} 18. O-O-O
{[%clk 1:08:33]} Ne5 {[%clk 1:03:04]} 19. Rhg1 {[%clk 1:07:01]} fxe4 {[%clk
0:59:40]} 20. Nxe4 {[%clk 1:06:49]} Bf5 {[%clk 0:58:43]} 21. Bd4 {[%clk 1:02:47]}
Bg6 {[%clk 0:49:35]} 22. Rdf1 {[%clk 0:57:39]} Rac8+ {[%clk 0:42:56]} 23. Kb1
{[%clk 0:52:38]} Qxh2 {[%clk 0:33:04]} 24. Qd1 {[%clk 0:47:33]} Nxf3 {[%clk
0:24:42]} 25. Rxg6 {[%clk 0:43:19]} hxg6 {[%clk 0:24:47]} 26. Bxg7 {[%clk
0:43:46]} Kxg7 {[%clk 0:17:31]} 27. Bxf3 {[%clk 0:44:01]} Qh3 {[%clk 0:11:06]}
28. Rh1 {[%clk 0:44:03]} Qf5 {[%clk 0:10:20]} 29. Rg1 {[%clk 0:36:10]} Qe5 {[%clk
0:09:04]} 30. Qd3 {[%clk 0:35:54]} Rce8 {[%clk 0:08:06]} 31. Nc5 {[%clk 0:24:47]}
Rf6 {[%clk 0:06:46]} 32. Ne6+ {[%clk 0:24:40]} Rexe6 {[%clk 0:06:05]} 33. dxe6
{[%clk 0:24:37]} Qe3 {[%clk 0:06:29]} 34. Qxe3 {[%clk 0:21:06]} fxe3 {[%clk
0:06:29]} 35. Bxb7 {[%clk 0:21:06]} Rxe6 {[%clk 0:06:44]} 36. Bxa6 {[%clk
0:21:25]} Kf6 {[%clk 0:05:53]} 37. Kc2 {[%clk 0:21:23]} Re4 {[%clk 0:05:29]} 38.
b3 {[%clk 0:21:24]} d5 {[%clk 0:04:59]} 39. Bd3 {[%clk 0:21:50]} 1-0

[Event "U20 Polish Youth Championship"]
[Site "Ustron"]
[Date "2019.11.24"]
[Round "2"]
[White "Jeda, Maciej"]
[Black "Panek, Bartosz"]
[Result "1/2-1/2"]
[Board "20"]
[WhiteElo "1865"]
[WhiteCountry "POL"]
[WhiteFideId "21857679"]
[WhiteEloChange "4"]
[BlackElo "2029"]
[BlackCountry "POL"]
[BlackFideId "1198220"]
[BlackEloChange "-4"]

1. e4 {[%clk 1:30:57]} d6 {[%clk 1:30:51]} 2. d4 {[%clk 1:31:16]} Nf6 {[%clk
1:31:11]} 3. Nc3 {[%clk 1:31:25]} e5 {[%clk 1:31:31]} 4. dxe5 {[%clk 1:29:24]}
dxe5 {[%clk 1:31:55]} 5. Qxd8+ {[%clk 1:29:26]} Kxd8 {[%clk 1:32:18]} 6. Bg5
{[%clk 1:27:34]} Be6 {[%clk 1:29:33]} 7. O-O-O+ {[%clk 1:27:03]} Nd7 {[%clk
1:29:52]} 8. f4 {[%clk 1:24:21]} exf4 {[%clk 1:19:59]} 9. Nge2 {[%clk 1:12:06]}
Bd6 {[%clk 0:40:45]} 10. Nxf4 {[%clk 1:06:27]} h6 {[%clk 0:40:11]} 11. Nxe6+
{[%clk 1:01:28]} fxe6 {[%clk 0:40:05]} 12. Be3 {[%clk 0:59:15]} Be5 {[%clk
0:36:30]} 13. Bd4 {[%clk 0:57:05]} Ke7 {[%clk 0:36:13]} 14. Bc4 {[%clk 0:55:09]}
a6 {[%clk 0:35:16]} 15. a4 {[%clk 0:53:57]} Rad8 {[%clk 0:35:09]} 16. g3 {[%clk
0:45:41]} Bxd4 {[%clk 0:33:09]} 17. Rxd4 {[%clk 0:45:56]} Ne5 {[%clk 0:33:28]}
18. Rxd8 {[%clk 0:45:20]} Rxd8 {[%clk 0:33:46]} 19. Be2 {[%clk 0:44:42]} Rd4
{[%clk 0:28:56]} 20. Rd1 {[%clk 0:42:41]} Rxd1+ {[%clk 0:28:37]} 21. Kxd1 {[%clk
0:41:43]} Neg4 {[%clk 0:28:48]} 22. Bxg4 {[%clk 0:41:33]} Nxg4 {[%clk 0:29:12]}
23. h4 {[%clk 0:40:44]} Ne3+ {[%clk 0:29:08]} 24. Kc1 {[%clk 0:41:02]} Kf6 {[%clk
0:29:11]} 25. a5 {[%clk 0:39:48]} Nc4 {[%clk 0:13:31]} 26. b4 {[%clk 0:39:47]}
Ke5 {[%clk 0:12:55]} 27. Na4 {[%clk 0:39:35]} b6 {[%clk 0:13:18]} 28. b5 {[%clk
0:38:41]} Nxa5 {[%clk 0:12:09]} 29. bxa6 {[%clk 0:38:56]} Nc6 {[%clk 0:12:17]}
30. Kd2 {[%clk 0:35:19]} Kd4 {[%clk 0:11:28]} 31. h5 {[%clk 0:33:26]} Na7 {[%clk
0:10:54]} 32. Nc3 {[%clk 0:32:56]} b5 {[%clk 0:09:17]} 33. Ne2+ {[%clk 0:33:05]}
Kxe4 {[%clk 0:09:26]} 34. Nf4 {[%clk 0:33:21]} Kf5 {[%clk 0:09:08]} 35. Ke3
{[%clk 0:33:12]} Nc6 {[%clk 0:03:44]} 36. c3 {[%clk 0:30:33]} Na7 {[%clk
0:02:43]} 37. Kf3 {[%clk 0:28:05]} Ke5 {[%clk 0:01:43]} 38. Ke3 {[%clk 0:27:31]}
Kf5 {[%clk 0:02:07]} 39. Kf3 {[%clk 0:27:43]} Ke5 {[%clk 0:02:28]} 40. Ke3 {[%clk
0:57:41]} Kf5 {[%clk 0:02:28]} 1/2-1/2

[Event "U20 Polish Youth Championship"]
[Site "Ustron"]
[Date "2019.11.24"]
[Round "2"]
[White "Gardian, Adam"]
[Black "Kania, Dominik"]
[Result "1/2-1/2"]
[Board "22"]
[WhiteElo "1835"]
[WhiteCountry "POL"]
[WhiteFideId "21831130"]
[WhiteEloChange "4"]
[BlackElo "1988"]
[BlackCountry "POL"]
[BlackFideId "21845204"]
[BlackEloChange "-4"]

1. e4 {[%clk 1:29:23]} e6 {[%clk 1:30:45]} 2. Nf3 {[%clk 1:29:22]} d5 {[%clk
1:31:11]} 3. exd5 {[%clk 1:29:43]} exd5 {[%clk 1:31:34]} 4. d4 {[%clk 1:30:07]}
Nf6 {[%clk 1:30:11]} 5. Bd3 {[%clk 1:30:24]} Bd6 {[%clk 1:30:01]} 6. O-O {[%clk
1:30:27]} O-O {[%clk 1:30:00]} 7. Bg5 {[%clk 1:30:26]} c6 {[%clk 1:28:49]} 8. c3
{[%clk 1:30:37]} Bg4 {[%clk 1:28:53]} 9. Nbd2 {[%clk 1:30:51]} Nbd7 {[%clk
1:27:34]} 10. Qc2 {[%clk 1:28:03]} Qc7 {[%clk 1:27:35]} 11. Bxf6 {[%clk 1:27:34]}
Nxf6 {[%clk 1:27:57]} 12. Rfe1 {[%clk 1:27:55]} Bxf3 {[%clk 1:28:16]} 13. Nxf3
{[%clk 1:28:15]} Rfe8 {[%clk 1:26:05]} 14. g3 {[%clk 1:25:58]} g6 {[%clk
1:21:47]} 15. Kf1 {[%clk 1:23:44]} Rxe1+ {[%clk 1:09:33]} 16. Rxe1 {[%clk
1:24:03]} Re8 {[%clk 1:06:56]} 17. Rxe8+ {[%clk 1:22:55]} Nxe8 {[%clk 1:04:42]}
18. Qe2 {[%clk 1:22:12]} Qe7 {[%clk 1:03:04]} 19. Qxe7 {[%clk 1:21:43]} Bxe7
{[%clk 1:03:16]} 20. Ne1 {[%clk 1:22:03]} Kg7 {[%clk 1:02:19]} 21. Ke2 {[%clk
1:22:24]} Kf6 {[%clk 1:01:39]} 22. Kf3 {[%clk 1:22:42]} Ng7 {[%clk 1:01:32]} 23.
Ng2 {[%clk 1:22:55]} Ne6 {[%clk 0:59:59]} 24. Nf4 {[%clk 1:22:40]} Nxf4 {[%clk
0:55:57]} 25. Kxf4 {[%clk 1:23:02]} Bd6+ {[%clk 0:55:19]} 26. Kf3 {[%clk
1:23:25]} h5 {[%clk 0:55:32]} 27. h4 {[%clk 1:23:34]} Ke6 {[%clk 0:54:56]} 28.
Ke3 {[%clk 1:23:57]} f5 {[%clk 0:54:57]} 29. f4 {[%clk 1:24:16]} b5 {[%clk
0:55:00]} 30. b4 {[%clk 1:24:09]} Bb8 {[%clk 0:54:53]} 31. a3 {[%clk 1:24:24]} a6
{[%clk 0:54:38]} 32. Kf3 {[%clk 1:23:58]} Bc7 {[%clk 0:54:00]} 33. Bf1 {[%clk
1:24:24]} Kf6 {[%clk 0:54:06]} 34. Bg2 {[%clk 1:24:46]} Bd6 {[%clk 0:54:18]} 35.
Bh1 {[%clk 1:25:10]} Be7 {[%clk 0:54:27]} 36. Ke3 {[%clk 1:25:35]} 1/2-1/2

[Event "U20 Polish Youth Championship"]
[Site "Ustron"]
[Date "2019.11.24"]
[Round "2"]
[White "Karolczuk, Iwo"]
[Black "Janeczko, Jakub"]
[Result "1/2-1/2"]
[Board "23"]
[WhiteElo "1982"]
[WhiteCountry "POL"]
[WhiteFideId "21816972"]
[WhiteEloChange "-4"]
[BlackElo "1839"]
[BlackCountry "POL"]
[BlackFideId "21871655"]
[BlackEloChange "4"]

1. d4 {[%clk 1:30:36]} c5 {[%clk 1:29:59]} 2. d5 {[%clk 1:30:47]} g6 {[%clk
1:29:29]} 3. e4 {[%clk 1:30:58]} d6 {[%clk 1:29:53]} 4. Nc3 {[%clk 1:30:26]} Bg7
{[%clk 1:30:17]} 5. Nf3 {[%clk 1:30:51]} Nf6 {[%clk 1:28:44]} 6. Be2 {[%clk
1:31:15]} O-O {[%clk 1:27:24]} 7. O-O {[%clk 1:31:41]} Na6 {[%clk 1:22:51]} 8. h3
{[%clk 1:31:39]} Nc7 {[%clk 1:23:14]} 9. a4 {[%clk 1:32:06]} a6 {[%clk 1:22:09]}
10. a5 {[%clk 1:31:04]} Bd7 {[%clk 1:22:32]} 11. Bc4 {[%clk 1:21:33]} Nb5 {[%clk
1:18:40]} 12. Qd3 {[%clk 1:21:30]} Nxc3 {[%clk 1:17:43]} 13. bxc3 {[%clk
1:21:52]} Bb5 {[%clk 1:03:16]} 14. Bf4 {[%clk 0:59:59]} Bxc4 {[%clk 1:03:36]} 15.
Qxc4 {[%clk 1:00:23]} Nd7 {[%clk 1:04:02]} 16. Rfb1 {[%clk 1:00:37]} Qc7 {[%clk
1:03:30]} 17. Rb3 {[%clk 0:58:23]} Rfb8 {[%clk 0:59:56]} 18. Rba3 {[%clk
0:55:23]} Ra7 {[%clk 0:58:29]} 19. h4 {[%clk 0:47:26]} Rba8 {[%clk 0:54:33]} 20.
h5 {[%clk 0:45:55]} b5 {[%clk 0:54:44]} 21. axb6 {[%clk 0:46:20]} Nxb6 {[%clk
0:54:45]} 22. Qe2 {[%clk 0:45:59]} a5 {[%clk 0:53:26]} 23. g3 {[%clk 0:37:20]}
Qb7 {[%clk 0:48:57]} 24. hxg6 {[%clk 0:32:53]} hxg6 {[%clk 0:48:52]} 25. Nh4
{[%clk 0:32:17]} Qa6 {[%clk 0:46:45]} 26. Qg4 {[%clk 0:31:38]} Nc4 {[%clk
0:45:01]} 27. Ra4 {[%clk 0:30:02]} Nb6 {[%clk 0:39:29]} 28. R4a3 {[%clk 0:24:37]}
Qc8 {[%clk 0:36:30]} 29. Qe2 {[%clk 0:24:35]} Qa6 {[%clk 0:36:58]} 30. Qg4 {[%clk
0:22:11]} Qc8 {[%clk 0:37:26]} 1/2-1/2

[Event "U20 Polish Youth Championship"]
[Site "Ustron"]
[Date "2019.11.27"]
[Round "6"]
[White "Tomczak, Mikolaj"]
[Black "Pacan-Milej, Kosma"]
[Result "1/2-1/2"]
[Board "1"]
[WhiteElo "2437"]
[WhiteTitle "FM"]
[WhiteCountry "POL"]
[WhiteFideId "1175114"]
[WhiteEloChange "-2"]
[BlackElo "2315"]
[BlackTitle "FM"]
[BlackCountry "POL"]
[BlackFideId "21800537"]
[BlackEloChange "3"]

1. d4 {[%clk 1:30:58]} f5 {[%clk 1:30:51]} 2. g3 {[%clk 1:31:02]} Nf6 {[%clk
1:31:11]} 3. Bg2 {[%clk 1:31:16]} g6 {[%clk 1:31:32]} 4. c4 {[%clk 1:31:13]} Bg7
{[%clk 1:31:36]} 5. Nc3 {[%clk 1:31:34]} O-O {[%clk 1:31:49]} 6. Nh3 {[%clk
1:31:40]} d6 {[%clk 1:30:56]} 7. d5 {[%clk 1:31:31]} c6 {[%clk 1:30:34]} 8. Nf4
{[%clk 1:31:35]} e5 {[%clk 1:29:26]} 9. dxe6 {[%clk 1:31:55]} Qe7 {[%clk
1:29:42]} 10. O-O {[%clk 1:31:54]} Na6 {[%clk 1:19:18]} 11. Be3 {[%clk 1:16:51]}
Bxe6 {[%clk 1:13:34]} 12. Nxe6 {[%clk 1:17:05]} Qxe6 {[%clk 1:14:00]} 13. Rc1
{[%clk 1:15:39]} Nc5 {[%clk 1:09:44]} 14. b4 {[%clk 1:09:52]} Nce4 {[%clk
1:07:34]} 15. Nxe4 {[%clk 1:08:07]} Nxe4 {[%clk 1:07:38]} 16. Qb3 {[%clk
1:06:55]} a6 {[%clk 1:01:12]} 17. Rfd1 {[%clk 1:06:27]} Rad8 {[%clk 0:59:11]} 18.
Rd3 {[%clk 1:04:29]} Rd7 {[%clk 0:57:15]} 19. Rcd1 {[%clk 1:03:55]} g5 {[%clk
0:47:49]} 20. Bd4 {[%clk 0:53:22]} f4 {[%clk 0:32:35]} 21. Bxg7 {[%clk 0:52:12]}
Kxg7 {[%clk 0:27:28]} 22. Rd4 {[%clk 0:50:18]} Nf6 {[%clk 0:26:11]} 23. gxf4
{[%clk 0:48:10]} Qxe2 {[%clk 0:15:29]} 24. Bf3 {[%clk 0:42:16]} Qe8 {[%clk
0:15:10]} 25. fxg5 {[%clk 0:42:12]} Qg6 {[%clk 0:15:22]} 26. Qc3 {[%clk 0:39:01]}
Kg8 {[%clk 0:15:20]} 27. Qe3 {[%clk 0:36:25]} Rg7 {[%clk 0:12:47]} 28. h4 {[%clk
0:34:23]} h6 {[%clk 0:12:28]} 29. Qe6+ {[%clk 0:31:20]} Qf7 {[%clk 0:12:22]} 30.
Qxf7+ {[%clk 0:26:24]} Rfxf7 {[%clk 0:12:40]} 31. Rxd6 {[%clk 0:25:43]} hxg5
{[%clk 0:13:05]} 32. hxg5 {[%clk 0:25:14]} Rxg5+ {[%clk 0:13:32]} 33. Kf1 {[%clk
0:25:05]} Rf5 {[%clk 0:13:11]} 34. R1d3 {[%clk 0:24:04]} Nh7 {[%clk 0:13:27]}
1/2-1/2

[Event "U20 Polish Youth Championship"]
[Site "Ustron"]
[Date "2019.11.27"]
[Round "6"]
[White "Zylka, Stanislaw"]
[Black "Janik, Igor"]
[Result "1-0"]
[Board "2"]
[WhiteElo "2333"]
[WhiteTitle "FM"]
[WhiteCountry "POL"]
[WhiteFideId "1189654"]
[WhiteEloChange "14"]
[BlackElo "2466"]
[BlackTitle "IM"]
[BlackCountry "POL"]
[BlackFideId "1159259"]
[BlackEloChange "-7"]

1. d4 {[%clk 1:30:58]} Nf6 {[%clk 1:30:45]} 2. Bg5 {[%clk 1:31:21]} b6 {[%clk
1:30:17]} 3. Nd2 {[%clk 1:29:51]} Bb7 {[%clk 1:30:20]} 4. Ngf3 {[%clk 1:29:47]}
g6 {[%clk 1:26:04]} 5. e3 {[%clk 1:27:24]} Bg7 {[%clk 1:23:58]} 6. a4 {[%clk
1:27:04]} c5 {[%clk 1:22:19]} 7. a5 {[%clk 1:24:15]} cxd4 {[%clk 1:19:53]} 8.
exd4 {[%clk 1:24:28]} bxa5 {[%clk 1:19:28]} 9. Be2 {[%clk 1:23:39]} Ne4 {[%clk
1:10:20]} 10. Nxe4 {[%clk 1:23:22]} Bxe4 {[%clk 1:10:48]} 11. O-O {[%clk
1:22:18]} h6 {[%clk 1:07:53]} 12. Be3 {[%clk 1:12:19]} Nc6 {[%clk 1:00:44]} 13.
c3 {[%clk 0:57:12]} Rb8 {[%clk 0:46:48]} 14. d5 {[%clk 0:49:30]} Bxf3 {[%clk
0:46:11]} 15. gxf3 {[%clk 0:47:31]} Ne5 {[%clk 0:46:31]} 16. f4 {[%clk 0:47:32]}
Rxb2 {[%clk 0:46:52]} 17. fxe5 {[%clk 0:47:01]} Bxe5 {[%clk 0:47:15]} 18. Bd3
{[%clk 0:34:57]} Bxc3 {[%clk 0:42:59]} 19. Rc1 {[%clk 0:34:42]} Bg7 {[%clk
0:42:40]} 20. Ba6 {[%clk 0:33:06]} Rb8 {[%clk 0:42:58]} 21. Rc4 {[%clk 0:25:18]}
O-O {[%clk 0:42:49]} 22. Qa4 {[%clk 0:21:16]} e6 {[%clk 0:33:15]} 23. d6 {[%clk
0:20:34]} Be5 {[%clk 0:29:36]} 24. Rd1 {[%clk 0:18:38]} Qf6 {[%clk 0:29:13]} 25.
Kg2 {[%clk 0:14:28]} Qf5 {[%clk 0:26:17]} 26. h3 {[%clk 0:11:57]} Rb2 {[%clk
0:22:18]} 27. Qxd7 {[%clk 0:10:55]} Re2 {[%clk 0:21:30]} 28. Qxa7 {[%clk
0:10:11]} Qh5 {[%clk 0:20:33]} 29. Rg4 {[%clk 0:09:58]} Rb2 {[%clk 0:19:46]} 30.
d7 {[%clk 0:09:56]} Rd8 {[%clk 0:19:35]} 31. Qc5 {[%clk 0:09:13]} Rbb8 {[%clk
0:17:39]} 32. Bc8 {[%clk 0:07:56]} 1-0

[Event "U20 Polish Youth Championship"]
[Site "Ustron"]
[Date "2019.11.27"]
[Round "6"]
[White "Teclaf, Pawel"]
[Black "Fus, Jakub"]
[Result "1/2-1/2"]
[Board "3"]
[WhiteElo "2427"]
[WhiteTitle "IM"]
[WhiteCountry "POL"]
[WhiteFideId "1185934"]
[WhiteEloChange "-1"]
[BlackElo "2363"]
[BlackTitle "FM"]
[BlackCountry "POL"]
[BlackFideId "1193023"]
[BlackEloChange "2"]

1. e4 {[%clk 1:30:55]} e5 {[%clk 1:30:42]} 2. Nf3 {[%clk 1:31:21]} Nc6 {[%clk
1:30:55]} 3. Bb5 {[%clk 1:31:47]} a6 {[%clk 1:31:04]} 4. Bxc6 {[%clk 1:32:15]}
dxc6 {[%clk 1:31:15]} 5. O-O {[%clk 1:32:42]} f6 {[%clk 1:30:48]} 6. d4 {[%clk
1:33:07]} Bg4 {[%clk 1:30:56]} 7. c3 {[%clk 1:31:28]} Bd6 {[%clk 1:23:42]} 8.
Nbd2 {[%clk 1:24:28]} b5 {[%clk 1:13:39]} 9. Qb3 {[%clk 1:07:42]} c5 {[%clk
1:01:53]} 10. a4 {[%clk 1:00:12]} Rb8 {[%clk 0:55:32]} 11. axb5 {[%clk 0:56:24]}
axb5 {[%clk 0:55:51]} 12. dxe5 {[%clk 0:51:04]} fxe5 {[%clk 0:53:14]} 13. c4
{[%clk 0:47:58]} b4 {[%clk 0:50:54]} 14. Qe3 {[%clk 0:45:17]} Nf6 {[%clk
0:49:34]} 15. Ne1 {[%clk 0:40:11]} O-O {[%clk 0:49:23]} 16. Nd3 {[%clk 0:38:58]}
Qe7 {[%clk 0:49:09]} 17. b3 {[%clk 0:37:35]} Nd7 {[%clk 0:38:11]} 18. Bb2 {[%clk
0:34:52]} Rbe8 {[%clk 0:38:14]} 19. Ra5 {[%clk 0:31:22]} Nb8 {[%clk 0:36:00]} 20.
Nxb4 {[%clk 0:30:57]} cxb4 {[%clk 0:34:51]} 21. c5 {[%clk 0:31:25]} Nd7 {[%clk
0:26:56]} 22. cxd6 {[%clk 0:31:36]} cxd6 {[%clk 0:27:23]} 23. f4 {[%clk 0:24:54]}
Ra8 {[%clk 0:15:22]} 24. Rxa8 {[%clk 0:19:35]} Rxa8 {[%clk 0:15:45]} 25. Nc4
{[%clk 0:18:59]} Re8 {[%clk 0:12:55]} 26. Qd2 {[%clk 0:17:14]} exf4 {[%clk
0:05:30]} 27. Rxf4 {[%clk 0:13:05]} Be6 {[%clk 0:05:52]} 28. Nxd6 {[%clk
0:12:52]} Rd8 {[%clk 0:05:22]} 29. e5 {[%clk 0:10:33]} Nc5 {[%clk 0:05:09]} 30.
Rxb4 {[%clk 0:10:24]} Nxb3 {[%clk 0:05:31]} 31. Qe3 {[%clk 0:09:14]} Na5 {[%clk
0:05:29]} 32. Qc5 {[%clk 0:07:37]} Nb3 {[%clk 0:02:58]} 33. Qb6 {[%clk 0:06:07]}
Nd2 {[%clk 0:03:24]} 34. Bc3 {[%clk 0:05:25]} Nc4 {[%clk 0:03:23]} 35. Qd4 {[%clk
0:04:44]} Qg5 {[%clk 0:02:04]} 36. Rb1 {[%clk 0:03:42]} h6 {[%clk 0:01:02]} 37.
Re1 {[%clk 0:01:10]} Nxd6 {[%clk 0:00:46]} 38. exd6 {[%clk 0:01:36]} Bd5 {[%clk
0:01:15]} 39. Re2 {[%clk 0:00:53]} Rxd6 {[%clk 0:01:39]} 40. h4 {[%clk 0:31:06]}
Qg3 {[%clk 0:30:53]} 41. Qe5 {[%clk 0:25:40]} 1/2-1/2